| 000 | 005810000a22002530004500 | ||
|---|---|---|---|
| 650 | _aDescription and travel | ||
| 650 | _aTrekking | ||
| 650 | _aEducational journeys | ||
| 650 | _aTourist facilities | ||
| 650 | _aGuide | ||
| 650 | _aBook | ||
| 651 | _aNepal | ||
| 082 |
_a915.426 _bK48n _cN |
||
| 518 | _a940120 | ||
| 530 | _aM | ||
| 100 | _aKesor Lal | ||
| 245 | _aNepal; off the beaten path | ||
| 260 |
_aKathmandu _bRatna Pustak Bhandar _cBhotathity, Nepal |
||
| 260 | _c1992 | ||
| 041 | _aEng | ||
| 300 |
_a135p. _billus. |
||
| 365 | _aRs.120.00 | ||
| 942 | _cGEN | ||
| 999 |
_c2639 _d2639 |
||